| 000 | 00443nam a22001697a 4500 | ||
|---|---|---|---|
| 003 | NUST - PNEC | ||
| 005 | 20170116181125.0 | ||
| 008 | 151005b xxu||||| |||| 00| 0 eng d | ||
| 020 | _a8120312120 | ||
| 040 | _cLIBRARY | ||
| 082 | _a658.4036 WIL | ||
| 100 |
_913655 _aWilliams,hank |
||
| 245 |
_aThe essence of managing groups and teams _cHank Williams |
||
| 260 | _cc.1997 | ||
| 650 |
_913658 _aGroups and teams _xMIS |
||
| 942 |
_2ddc _cBK |
||
| 999 |
_c69726 _d69726 |
||